[Event "BCF-chT 9798 (4NCL)"]
[Site "England"]
[Date "1998.03.21"]
[Round "7.2"]
[White "Quillan, Gary"]
[Black "Kumaran, Dharshan"]
[Result "0-1"]
[WhiteElo "2320"]
[BlackElo "2505"]
[PlyCount "72"]
[EventDate "1997.11.??"]
[EventType "team"]
[EventRounds "11"]
[EventCountry "ENG"]
[SourceTitle "CBM 064 Extra"]
[Source "ChessBase"]
[SourceDate "1998.07.07"]
[SourceVersion "1"]
[SourceVersionDate "1998.07.07"]
[SourceQuality "1"]
[WhiteTeam "NW Eagles"]
[BlackTeam "Invicta Knights Maidstone"]
[WhiteTeamCountry "ENG"]
[BlackTeamCountry "ENG"]

1. e4 c6 2. d4 d5 3. exd5 cxd5 4. c4 Nf6 5. Nc3 e6 6. Nf3 Bb4 7. cxd5 Nxd5 8. Qc2 Nc6 9. Bd3 Ba5 10. a3 Nxc3 11. bxc3 Nxd4 12. Nxd4 Qxd4 13. Bb5+ Bd7 14. 0-0 Qe5 15. Bxd7+ Kxd7 16. Qa4+ Ke7 17. Rb1 b6 18. Bf4 Qh5 19. Rb5 Qe2 20. Re5 Qa2 21. Qc6 Rhc8 22. Qb7+ Kf8 23. Rh5 h6 24. h3 Qe2 25. g4 Qc4 26. Bd6+ Kg8 27. Be5 Qc6 28. Qe7 Bxc3 29. Rc1 Bb4 30. Qd8+ Rxd8 31. Rxc6 Bxa3 32. g5 hxg5 33. Rxg5 Bf8 34. Rc4 Rd5 35. Rcg4 g6 36. h4 Bg7 0-1

[Event "BCF-chT 9798 (4NCL)"]
[Site "England"]
[Date "1997.11.23"]
[Round "4.4"]
[White "Kumaran, Dharshan"]
[Black "Bowden, Karl"]
[Result "1/2-1/2"]
[WhiteElo "2500"]
[BlackElo "2355"]
[PlyCount "59"]
[EventDate "1997.11.??"]
[EventType "team"]
[EventRounds "11"]
[EventCountry "ENG"]
[SourceTitle "CBM 064 Extra"]
[Source "ChessBase"]
[SourceDate "1998.07.07"]
[SourceVersion "1"]
[SourceVersionDate "1998.07.07"]
[SourceQuality "1"]
[WhiteTeam "Invicta Knights Maidstone"]
[BlackTeam "Barbican"]
[WhiteTeamCountry "ENG"]
[BlackTeamCountry "ENG"]

1. d4 Nf6 2. c4 d6 3. Nc3 Nbd7 4. e4 e5 5. Nf3 Be7 6. Be2 0-0 7. 0-0 c6 8. Qc2 a6 9. Rd1 Qc7 10. Bg5 Re8 11. h3 b5 12. cxb5 cxb5 13. Rac1 h6 14. Be3 Bb7 15. Qb1 Qb8 16. a3 Bf8 17. d5 Bc8 18. Nd2 Be7 19. Na2 Nc5 20. b4 Na4 21. Nb3 Bd7 22. Na5 Rc8 23. Rxc8+ Qxc8 24. Rc1 Qe8 25. Nc6 Rc8 26. Nxe7+ Qxe7 27. Rxc8+ Bxc8 28. Qc2 Bd7 29. Nc1 Qd8 30. Nb3 1/2-1/2

[Event "Drury Lane"]
[Site "London"]
[Date "1997.06.23"]
[Round "8"]
[White "Kumaran, Dharshan"]
[Black "Summerscale, Aaron"]
[Result "1/2-1/2"]
[WhiteElo "2500"]
[BlackElo "2500"]
[PlyCount "80"]
[EventDate "1997.06.16"]
[EventType "tourn"]
[EventRounds "9"]
[EventCountry "ENG"]
[EventCategory "10"]
[SourceTitle "CBM 060"]
[Source "ChessBase"]
[SourceDate "1997.09.29"]
[SourceVersion "1"]
[SourceVersionDate "1997.09.29"]
[SourceQuality "1"]

1. d4 d5 2. c4 c6 3. Nf3 Nf6 4. Nc3 dxc4 5. a4 Bf5 6. Nh4 e6 7. Nxf5 exf5 8. e3 Na6 9. Bxc4 Nb4 10. 0-0 Qd7 11. f3 Be7 12. Qb3 0-0 13. a5 f4 14. Ra4 Nbd5 15. Bxd5 Nxd5 16. Nxd5 cxd5 17. exf4 Rac8 18. Bd2 g6 19. Raa1 Rc4 20. Qd3 Rfc8 21. Kh1 Bf6 22. Bc3 Kg7 23. Rfe1 b5 24. axb6 axb6 25. Ra6 b5 26. Qe3 R8c6 27. Rxc6 Qxc6 28. g4 Qb6 29. b3 Rc7 30. g5 Bd8 31. Bb4 f6 32. Qe8 Rf7 33. Bc5 Qc7 34. gxf6+ Bxf6 35. Qe3 Bh4 36. Qe5+ Qxe5 37. Rxe5 Rxf4 38. Rxd5 Rxf3 39. b4 Rf5 40. Rd7+ Rf7 1/2-1/2

[Event "Drury Lane"]
[Site "London"]
[Date "1997.06.22"]
[Round "7"]
[White "Pedersen, Steffen"]
[Black "Kumaran, Dharshan"]
[Result "0-1"]
[WhiteElo "2420"]
[BlackElo "2500"]
[PlyCount "60"]
[EventDate "1997.06.16"]
[EventType "tourn"]
[EventRounds "9"]
[EventCountry "ENG"]
[EventCategory "10"]
[SourceTitle "CBM 060"]
[Source "ChessBase"]
[SourceDate "1997.09.29"]
[SourceVersion "1"]
[SourceVersionDate "1997.09.29"]
[SourceQuality "1"]

1. d4 d5 2. c4 dxc4 3. Nf3 e6 4. Nc3 a6 5. e3 Nf6 6. Bxc4 c5 7. 0-0 b5 8. Bb3 Bb7 9. Qe2 Nbd7 10. Rd1 Qb8 11. e4 cxd4 12. Nxd4 Bd6 13. h3 0-0 14. a3 Nc5 15. Bc2 Bh2+ 16. Kh1 Bf4 17. Nf3 Bxc1 18. Raxc1 Qf4 19. Qd2 Qxd2 20. Nxd2 Rac8 21. f3 Rfd8 22. Nb3 Nxb3 23. Bxb3 Kf8 24. Kg1 Rxd1+ 25. Rxd1 Ke7 26. e5 Nd7 27. f4 g5 28. fxg5 Nxe5 29. Re1 Nd3 30. Re2 Nc1 0-1

[Event "Drury Lane"]
[Site "London"]
[Date "1997.06.21"]
[Round "6"]
[White "Kumaran, Dharshan"]
[Black "Emms, John M"]
[Result "1/2-1/2"]
[WhiteElo "2500"]
[BlackElo "2535"]
[PlyCount "84"]
[EventDate "1997.06.16"]
[EventType "tourn"]
[EventRounds "9"]
[EventCountry "ENG"]
[EventCategory "10"]
[SourceTitle "CBM 060"]
[Source "ChessBase"]
[SourceDate "1997.09.29"]
[SourceVersion "1"]
[SourceVersionDate "1997.09.29"]
[SourceQuality "1"]

1. d4 Nf6 2. c4 e6 3. Nf3 b6 4. a3 Ba6 5. Qc2 c5 6. d5 exd5 7. cxd5 g6 8. Nc3 Bg7 9. g3 0-0 10. Bg2 d6 11. 0-0 Re8 12. Re1 Nbd7 13. Bf4 Qe7 14. e4 Ng4 15. Bg5 f6 16. Bf4 Nde5 17. Nxe5 Nxe5 18. Rad1 Bc8 19. Bxe5 Qxe5 20. f4 Qe7 21. h3 Bd7 22. Kh2 b5 23. Qf2 a5 24. f5 Rab8 25. Ne2 Bh6 26. fxg6 hxg6 27. b4 axb4 28. axb4 cxb4 29. Nd4 Ra8 30. Nc6 Qf7 31. Nxb4 Ra4 32. Rb1 f5 33. exf5 Rxe1 34. Qxe1 Bxf5 35. Rb3 Bg7 36. Nc6 Ra2 37. Rf3 Kh7 38. g4 Qxd5 39. Qh4+ Bh6 40. Qe7+ Bg7 41. Qh4+ Bh6 42. Qe7+ Bg7 1/2-1/2

[Event "Drury Lane"]
[Site "London"]
[Date "1997.06.20"]
[Round "5"]
[White "McDonald, Neil R"]
[Black "Kumaran, Dharshan"]
[Result "0-1"]
[WhiteElo "2490"]
[BlackElo "2500"]
[PlyCount "68"]
[EventDate "1997.06.16"]
[EventType "tourn"]
[EventRounds "9"]
[EventCountry "ENG"]
[EventCategory "10"]
[SourceTitle "CBM 060"]
[Source "ChessBase"]
[SourceDate "1997.09.29"]
[SourceVersion "1"]
[SourceVersionDate "1997.09.29"]
[SourceQuality "1"]

1. e4 c6 2. d4 d5 3. Nd2 dxe4 4. Nxe4 Bf5 5. Ng3 Bg6 6. h4 h6 7. f4 e6 8. Nf3 Nd7 9. h5 Bh7 10. Bd3 Bxd3 11. Qxd3 Ngf6 12. Bd2 c5 13. 0-0-0 Qc7 14. dxc5 Bxc5 15. Ne4 0-0-0 16. Qe2 Nxe4 17. Qxe4 Rhe8 18. c4 f5 19. Qc2 Nf6 20. b4 Bd6 21. g3 Ne4 22. c5 Be7 23. Qa4 Nf2 24. Qxa7 Nxh1 25. Rxh1 Qc6 26. Qa8+ Kc7 27. Qa5+ Kb8 28. Rf1 Bf6 29. Ne1 Qd5 30. Rf2 Qd4 31. Rg2 Qb2+ 32. Kd1 Bc3 33. Nf3 Qb1+ 34. Ke2 Qd3+ 0-1

[Event "Drury Lane"]
[Site "London"]
[Date "1997.06.17"]
[Round "2"]
[White "Kumaran, Dharshan"]
[Black "Dunnington, Angus J"]
[Result "1-0"]
[WhiteElo "2500"]
[BlackElo "2445"]
[PlyCount "95"]
[EventDate "1997.06.16"]
[EventType "tourn"]
[EventRounds "9"]
[EventCountry "ENG"]
[EventCategory "10"]
[SourceTitle "CBM 060"]
[Source "ChessBase"]
[SourceDate "1997.09.29"]
[SourceVersion "1"]
[SourceVersionDate "1997.09.29"]
[SourceQuality "1"]

1. d4 Nf6 2. c4 e6 3. Nf3 Bb4+ 4. Nbd2 b6 5. g3 Bb7 6. Bg2 0-0 7. 0-0 c5 8. a3 Bxd2 9. Qxd2 cxd4 10. Qxd4 Nc6 11. Qh4 Na5 12. Bg5 h6 13. Bxf6 Qxf6 14. Qxf6 gxf6 15. Nd2 Bxg2 16. Kxg2 f5 17. Rac1 Rfc8 18. e4 fxe4 19. b4 e3 20. fxe3 Nc6 21. Nf3 Rc7 22. e4 Rac8 23. Rcd1 Rd8 24. Kh3 f6 25. Nd4 Nxd4 26. Rxd4 Kf7 27. e5 f5 28. g4 Rdc8 29. gxf5 exf5 30. Rxf5+ Ke7 31. Rff4 Rg8 32. Rf6 Rg5 33. Rxh6 Rxe5 34. Rg6 Re3+ 35. Rg3 Rxg3+ 36. Kxg3 Ke6 37. Kf4 Rc8 38. Re4+ Kd6 39. h4 Rf8+ 40. Kg5 Rg8+ 41. Kf6 Rf8+ 42. Kg7 Rf3 43. a4 a5 44. bxa5 bxa5 45. h5 Rg3+ 46. Kf6 Rf3+ 47. Kg5 Kc5 48. h6 1-0

[Event "Varsity Oxbridge m"]
[Site "London"]
[Date "1997.??.??"]
[Round "1"]
[White "Kumaran, Dharshan"]
[Black "Parker, Jonathan"]
[Result "1/2-1/2"]
[WhiteElo "2500"]
[BlackElo "2495"]
[PlyCount "126"]
[EventDate "1997.03.??"]
[EventType "team"]
[EventRounds "1"]
[EventCountry "ENG"]
[SourceTitle "EXT 1998"]
[Source "ChessBase"]
[SourceDate "1997.11.17"]
[SourceVersion "1"]
[SourceVersionDate "1997.11.17"]
[SourceQuality "1"]

1. c4 e6 2. Nf3 d5 3. b3 Nf6 4. Bb2 b6 5. cxd5 exd5 6. e3 Bb7 7. Be2 Bd6 8. d3 0-0 9. Nbd2 Nbd7 10. Rc1 c5 11. 0-0 Qe7 12. Re1 Rad8 13. Rc2 Ng4 14. Qa1 f5 15. Nf1 Ndf6 16. h3 Nh6 17. Ne5 Nf7 18. d4 Ng5 19. Bd3 Bxe5 20. dxe5 Nd7 21. Ng3 g6 22. Ne2 Rf7 23. Nf4 Nf8 24. Bf1 Nfe6 25. Nxe6 Nxe6 26. Rd2 h5 27. Red1 Qg5 28. f4 Qe7 29. Kh2 Qc7 30. Qb1 h4 31. Kg1 Rfd7 32. Bd3 d4 33. Bc4 Bd5 34. Bxd5 Rxd5 35. e4 fxe4 36. Qxe4 Qf7 37. Rf2 Ng7 38. Re1 Qf5 39. e6 Qxe4 40. Rxe4 Nf5 41. b4 c4 42. e7 Re8 43. Rd2 Rxe7 44. Rxe7 Nxe7 45. Rxd4 Rxd4 46. Bxd4 Nd5 47. b5 Kf7 48. Kf2 Ke6 49. Be5 Kf5 50. Ke1 Nxf4 51. Bb8 Nxg2+ 52. Kd2 Nf4 53. Bxa7 Nd5 54. a4 g5 55. a5 bxa5 56. b6 Nxb6 57. Bxb6 a4 58. Kc3 a3 59. Bc5 g4 60. hxg4+ Ke5 61. Bf2 h3 62. Bg3+ Kf6 63. Bf4 h2 1/2-1/2

[Event "Moscow-A"]
[Site "Moscow"]
[Date "1996.??.??"]
[Round "?"]
[White "Danielian, Oganes"]
[Black "Kumaran, Dharshan"]
[Result "1/2-1/2"]
[WhiteElo "2450"]
[BlackElo "2495"]
[PlyCount "88"]
[EventDate "1996.??.??"]
[EventType "tourn"]
[EventRounds "9"]
[EventCountry "RUS"]
[EventCategory "10"]
[SourceTitle "EXT 1998"]
[Source "ChessBase"]
[SourceDate "1997.11.17"]
[SourceVersion "1"]
[SourceVersionDate "1997.11.17"]
[SourceQuality "1"]

1. d4 Nf6 2. c4 c5 3. d5 b5 4. Nf3 g6 5. Qc2 bxc4 6. e4 Bg7 7. Bxc4 d6 8. 0-0 0-0 9. h3 Nbd7 10. a4 Nb6 11. Be2 a5 12. Rd1 Ne8 13. Bf4 Nc7 14. Nc3 Na6 15. Qd2 Nb4 16. Bh6 f5 17. Bxg7 Kxg7 18. b3 fxe4 19. Ng5 e3 20. fxe3 h6 21. Nf3 Bb7 22. e4 Rf6 23. Nh2 Bc8 24. Rf1 e5 25. dxe6 Bxe6 26. Nb5 Rxf1+ 27. Rxf1 Nc6 28. Ng4 Bxg4 29. Bxg4 Ne5 30. Be6 Qe7 31. Qxd6 Qxd6 32. Nxd6 Rb8 33. h4 h5 34. Rf4 c4 35. Nxc4 Nbxc4 36. Bxc4 Nxc4 37. bxc4 Rb4 38. e5 Rxa4 39. e6 Rb4 40. Rf7+ Kg8 41. c5 Rc4 42. Ra7 Kf8 43. Rxa5 Ke7 44. g3 Rc2 1/2-1/2

[Event "Budapest FS08 GM"]
[Site "Budapest"]
[Date "1996.??.??"]
[Round "9"]
[White "Fogarasi, Tibor"]
[Black "Kumaran, Dharshan"]
[Result "1/2-1/2"]
[WhiteElo "2505"]
[BlackElo "2495"]
[PlyCount "56"]
[EventDate "1996.08.??"]
[EventType "tourn"]
[EventRounds "13"]
[EventCountry "HUN"]
[EventCategory "8"]
[SourceTitle "CBM 054 Extra"]
[Source "ChessBase"]
[SourceDate "1996.11.01"]
[SourceVersion "1"]
[SourceVersionDate "1996.11.01"]
[SourceQuality "1"]

1. e4 c6 2. d4 d5 3. Nc3 dxe4 4. Nxe4 Nd7 5. Ng5 Ngf6 6. Bd3 e6 7. N1f3 Bd6 8. Qe2 h6 9. Ne4 Nxe4 10. Qxe4 Nf6 11. Qe2 Qc7 12. Bd2 b6 13. 0-0-0 Bb7 14. Ne5 c5 15. Bb5+ Ke7 16. dxc5 Qxc5 17. a3 Qc7 18. Bf4 Nd5 19. Bg3 Rhd8 20. Kb1 a6 21. Bd3 Kf8 22. c4 Nf6 23. f4 Kg8 24. Rhe1 b5 25. Bh4 bxc4 26. Bxc4 Bxe5 27. fxe5 Rxd1+ 28. Rxd1 Ne4 1/2-1/2

[Event "Moscow-A"]
[Site "Moscow"]
[Date "1996.??.??"]
[Round "?"]
[White "Golubev, Mikhail"]
[Black "Kumaran, Dharshan"]
[Result "1/2-1/2"]
[WhiteElo "2520"]
[BlackElo "2495"]
[PlyCount "81"]
[EventDate "1996.??.??"]
[EventType "tourn"]
[EventRounds "9"]
[EventCountry "RUS"]
[EventCategory "10"]
[SourceTitle "CBM 055"]
[Source "ChessBase"]
[SourceDate "1996.12.01"]
[SourceVersion "1"]
[SourceVersionDate "1996.12.01"]
[SourceQuality "1"]

1. e4 c6 2. d4 d5 3. Nc3 dxe4 4. Nxe4 Bf5 5. Ng3 Bg6 6. h4 h6 7. Nf3 Nf6 8. Ne5 Bh7 9. Bc4 e6 10. Qe2 Nd5 11. Bb3 Bb4+ 12. Kf1 Bd6 13. Nh5 Rg8 14. Qg4 Bxe5 15. dxe5 Bg6 16. Bd2 Nd7 17. Re1 Nc5 18. Kg1 Qc7 19. Nxg7+ Rxg7 20. h5 f5 21. exf6 Nxf6 22. Rxe6+ Nxe6 23. Qxe6+ Qe7 24. hxg6 Qxe6 25. Bxe6 Rxg6 26. Bf5 Rg7 27. Rxh6 Rd8 28. Be3 Rd1+ 29. Kh2 Ng4+ 30. Bxg4 Rxg4 31. Bxa7 Rd2 32. Rh8+ Kf7 33. Rh7+ Rg7 34. Rh4 Ke6 35. Rc4 Kd5 36. Rc3 Rh7+ 37. Kg3 Rg7+ 38. Kh2 Rh7+ 39. Kg3 Rg7+ 40. Kf3 Rf7+ 41. Kg3 1/2-1/2

[Event "Budapest FS08 GM"]
[Site "Budapest"]
[Date "1996.??.??"]
[Round "10"]
[White "Kumaran, Dharshan"]
[Black "Aagaard, Jacob"]
[Result "1-0"]
[WhiteElo "2495"]
[BlackElo "2370"]
[PlyCount "119"]
[EventDate "1996.08.??"]
[EventType "tourn"]
[EventRounds "13"]
[EventCountry "HUN"]
[EventCategory "8"]
[SourceTitle "CBM 054 Extra"]
[Source "ChessBase"]
[SourceDate "1996.11.01"]
[SourceVersion "1"]
[SourceVersionDate "1996.11.01"]
[SourceQuality "1"]

1. c4 Nf6 2. Nc3 e5 3. Nf3 Nc6 4. g3 d5 5. cxd5 Nxd5 6. Bg2 Nb6 7. 0-0 Be7 8. Rb1 a5 9. d3 0-0 10. Be3 Re8 11. Bxb6 cxb6 12. Nd2 Be6 13. Nc4 Bc5 14. a3 f6 15. Na4 Rc8 16. Rc1 Bf7 17. e3 Bg6 18. Qb3 Kh8 19. Naxb6 Bxb6 20. Nxb6 Rc7 21. Rc3 f5 22. Na4 f4 23. Nc5 fxe3 24. fxe3 Nd4 25. Qd1 Nb5 26. Rc2 Qc8 27. Bxb7 Rxb7 28. Nxb7 Qxb7 29. Rc5 Nd6 30. Rxe5 Rg8 31. Qe2 a4 32. e4 Be8 33. Rd5 Nb5 34. Qf2 h6 35. Rf5 Nd6 36. Rf8 Bf7 37. Rxg8+ Bxg8 38. Qd4 Nf7 39. h4 Qc7 40. Kg2 Ne5 41. Rf8 Kh7 42. Qxa4 Qc1 43. Qb5 Ng6 44. Rf2 Be6 45. h5 Nh4+ 46. gxh4 Qe3 47. Qb8 Bh3+ 48. Kg1 Qe1+ 49. Kh2 Qxf2+ 50. Kxh3 Qf1+ 51. Kg3 Qxd3+ 52. Kf4 Qh3 53. Qe8 Qxh4+ 54. Ke5 Qg3+ 55. Kd4 Qf2+ 56. Kc3 Qe1+ 57. Kc4 Qc1+ 58. Kb3 Qd1+ 59. Ka2 Qd3 60. Qe6 1-0

[Event "Copenhagen KS"]
[Site "Copenhagen"]
[Date "1996.??.??"]
[Round "3"]
[White "Kumaran, Dharshan"]
[Black "Borge, Nikolaj"]
[Result "1/2-1/2"]
[WhiteElo "2495"]
[BlackElo "2455"]
[PlyCount "167"]
[EventDate "1996.07.05"]
[EventType "tourn"]
[EventRounds "9"]
[EventCountry "DEN"]
[EventCategory "10"]
[SourceTitle "CBM 055"]
[Source "ChessBase"]
[SourceDate "1996.12.01"]
[SourceVersion "1"]
[SourceVersionDate "1996.12.01"]
[SourceQuality "1"]

1. d4 d5 2. c4 dxc4 3. Nf3 Nf6 4. e3 e6 5. Bxc4 c5 6. Qe2 a6 7. dxc5 Bxc5 8. 0-0 Nbd7 9. e4 b5 10. Bd3 Bb7 11. a4 bxa4 12. Nc3 Bd6 13. Rxa4 Nc5 14. Rd4 Qb8 15. Bc2 e5 16. Rdd1 0-0 17. Bg5 Be7 18. Nd5 Nxd5 19. exd5 Bxg5 20. Nxg5 h6 21. b4 Nd7 22. Qd3 g6 23. Ne4 Bc8 24. Ba4 Ra7 25. Qe3 Kg7 26. Nc5 a5 27. bxa5 Nf6 28. d6 Rxa5 29. d7 Ba6 30. Rfe1 Ng4 31. Qc3 Qb6 32. d8Q Rxd8 33. Rxd8 Qxd8 34. h3 Qb6 35. hxg4 Qxc5 36. Qxc5 Rxc5 37. f3 Bc8 38. Kf2 Kf6 39. Kg3 Be6 40. Re2 Ra5 41. Bc6 Ra6 42. Bb7 Rd6 43. Be4 Ra6 44. Rb2 Ra3 45. Rb6 Ra5 46. Rd6 Ke7 47. Rb6 Kf6 48. Rc6 Kg5 49. Rb6 h5 50. gxh5 gxh5 51. Rb2 Ra2 52. Rxa2 Bxa2 53. Kf2 f5 54. Bb7 Kf4 55. g3+ Kg5 56. Ke3 f4+ 57. gxf4+ exf4+ 58. Kf2 Kf6 59. Kg2 Be6 60. Bc6 Ke5 61. Be8 h4 62. Bc6 Kd4 63. Bb7 Ke3 64. Bc6 Bc8 65. Bd5 Ba6 66. Kh3 Be2 67. Kxh4 Bxf3 68. Be6 Be2 69. Bd5 Bd3 70. Kg4 Be4 71. Bc4 f3 72. Kg3 Bc2 73. Bd5 f2 74. Bc4 Bd1 75. Bf1 Bh5 76. Bg2 Be2 77. Bh3 Bf3 78. Bf1 Bd1 79. Bg2 Ke2 80. Kf4 Ba4 81. Bh3 Bd7 82. Bg2 Bc8 83. Kg3 Ke1 84. Kf4 1/2-1/2

[Event "Budapest FS08 GM"]
[Site "Budapest"]
[Date "1996.??.??"]
[Round "6"]
[White "Kumaran, Dharshan"]
[Black "Csom, Istvan"]
[Result "1-0"]
[WhiteElo "2495"]
[BlackElo "2460"]
[PlyCount "123"]
[EventDate "1996.08.??"]
[EventType "tourn"]
[EventRounds "13"]
[EventCountry "HUN"]
[EventCategory "8"]
[SourceTitle "CBM 054 Extra"]
[Source "ChessBase"]
[SourceDate "1996.11.01"]
[SourceVersion "1"]
[SourceVersionDate "1996.11.01"]
[SourceQuality "1"]

1. d4 Nf6 2. c4 e6 3. Nf3 b6 4. a3 Bb7 5. Nc3 Ne4 6. Nxe4 Bxe4 7. Nd2 Bg6 8. g3 Nc6 9. Nf3 Be4 10. Bg2 Be7 11. 0-0 Bf6 12. e3 0-0 13. b3 Qc8 14. Bh3 Na5 15. Nd2 Bd3 16. Re1 c5 17. Bb2 Nc6 18. Bg2 Bg6 19. Ne4 Bxe4 20. Bxe4 Rb8 21. Qc2 h6 22. Rad1 cxd4 23. exd4 Ne7 24. d5 Bxb2 25. Qxb2 Kh8 26. Bb1 Re8 27. Qd2 Kg8 28. Qd3 Ng6 29. dxe6 dxe6 30. Qd7 Qxd7 31. Rxd7 Re7 32. Red1 Rb7 33. Rxe7 Rxe7 34. Rd8+ Nf8 35. Rc8 f5 36. Kf1 Kf7 37. b4 g5 38. Ke2 Ng6 39. c5 bxc5 40. Rxc5 Nf8 41. Ba2 Rb7 42. Rxf5+ Ke7 43. Rc5 Kd6 44. Rc8 Ng6 45. Re8 Re7 46. Rxe7 Nxe7 47. Ke3 Ng8 48. a4 Nf6 49. h3 e5 50. Bc4 Kc6 51. a5 Kd6 52. b5 Kc5 53. Bf1 g4 54. hxg4 Nxg4+ 55. Ke4 Nxf2+ 56. Kxe5 Ng4+ 57. Ke6 Ne3 58. Be2 Nc2 59. b6 axb6 60. a6 Nb4 61. a7 Nd5 62. Bf3 1-0

[Event "Copenhagen KS"]
[Site "Copenhagen"]
[Date "1996.??.??"]
[Round "1"]
[White "Kumaran, Dharshan"]
[Black "Hector, Jonny"]
[Result "0-1"]
[WhiteElo "2495"]
[BlackElo "2525"]
[PlyCount "76"]
[EventDate "1996.07.05"]
[EventType "tourn"]
[EventRounds "9"]
[EventCountry "DEN"]
[EventCategory "10"]
[SourceTitle "CBM 055"]
[Source "ChessBase"]
[SourceDate "1996.12.01"]
[SourceVersion "1"]
[SourceVersionDate "1996.12.01"]
[SourceQuality "1"]

1. c4 Nf6 2. Nc3 e5 3. Nf3 Nc6 4. g3 d5 5. cxd5 Nxd5 6. Bg2 Nb6 7. 0-0 Be7 8. Rb1 g5 9. d3 Be6 10. Qd2 h6 11. Qe3 Nd5 12. Nxd5 Bxd5 13. Bh3 Qd6 14. b4 Bxa2 15. Rb2 Be6 16. Bxe6 Qxe6 17. b5 Nd4 18. Nxd4 exd4 19. Qxd4 Bf6 20. Qc5 Bxb2 21. Bxb2 f6 22. Qxc7 b6 23. Ba3 Qd7 24. Rc1 Qxc7 25. Rxc7 Rg8 26. Re7+ Kd8 27. Rh7 Re8 28. e4 a6 29. bxa6 Rxa6 30. Bb2 Kc8 31. Rxh6 b5 32. Rxf6 Rxf6 33. Bxf6 g4 34. Kg2 Kd7 35. h3 Rf8 36. Bd4 gxh3+ 37. Kxh3 Rf3 38. Be5 Rxf2 0-1

[Event "Moscow-A"]
[Site "Moscow"]
[Date "1996.??.??"]
[Round "?"]
[White "Kumaran, Dharshan"]
[Black "Kron, Valentin"]
[Result "1-0"]
[WhiteElo "2495"]
[BlackElo "2430"]
[PlyCount "53"]
[EventDate "1996.??.??"]
[EventType "tourn"]
[EventRounds "9"]
[EventCountry "RUS"]
[EventCategory "10"]
[SourceTitle "EXT 1998"]
[Source "ChessBase"]
[SourceDate "1997.11.17"]
[SourceVersion "1"]
[SourceVersionDate "1997.11.17"]
[SourceQuality "1"]

1. d4 Nf6 2. c4 c5 3. d5 b5 4. cxb5 a6 5. b6 Qxb6 6. Nc3 d6 7. e4 g6 8. Nf3 Bg4 9. Qa4+ Bd7 10. Qb3 Qc7 11. Bc4 Bg7 12. e5 dxe5 13. d6 exd6 14. Bxf7+ Kf8 15. Ng5 h6 16. Nd5 Qa5+ 17. Bd2 Qb5 18. Nxf6 Bxf6 19. Qf3 Kg7 20. Ne4 Be7 21. Bd5 Rf8 22. Qe3 g5 23. Bxa8 Be6 24. Nc3 Qxb2 25. Rb1 Qa3 26. Bd5 Bf5 27. Rb7 1-0

[Event "Budapest FS08 GM"]
[Site "Budapest"]
[Date "1996.??.??"]
[Round "5"]
[White "Kumaran, Dharshan"]
[Black "Stocek, Jiri"]
[Result "1-0"]
[WhiteElo "2495"]
[BlackElo "2460"]
[PlyCount "71"]
[EventDate "1996.08.??"]
[EventType "tourn"]
[EventRounds "13"]
[EventCountry "HUN"]
[EventCategory "8"]
[SourceTitle "CBM 054 Extra"]
[Source "ChessBase"]
[SourceDate "1996.11.01"]
[SourceVersion "1"]
[SourceVersionDate "1996.11.01"]
[SourceQuality "1"]

1. c4 Nf6 2. Nc3 g6 3. d4 Bg7 4. e4 d6 5. Nf3 0-0 6. Be2 e5 7. d5 Nbd7 8. Be3 Nc5 9. Nd2 a5 10. 0-0 Nfd7 11. b3 f5 12. f3 Nf6 13. a3 f4 14. Bf2 g5 15. b4 axb4 16. axb4 Rxa1 17. Qxa1 Na6 18. Rb1 g4 19. Bh4 gxf3 20. Nxf3 Kh8 21. c5 dxc5 22. Bxa6 cxb4 23. Bxb7 Bxb7 24. Rxb4 Bc8 25. Qa5 Qd6 26. Rc4 Ne8 27. Rc6 Qd7 28. Qc5 Rg8 29. Qe7 Qxe7 30. Bxe7 Bd7 31. Rc5 Bh6 32. Kf1 Bg4 33. Nxe5 f3 34. Nxf3 Be3 35. Rc6 Bc8 36. Bc5 1-0

[Event "Copenhagen KS"]
[Site "Copenhagen"]
[Date "1996.??.??"]
[Round "2"]
[White "Nielsen, Peter Heine"]
[Black "Kumaran, Dharshan"]
[Result "1/2-1/2"]
[WhiteElo "2530"]
[BlackElo "2495"]
[PlyCount "67"]
[EventDate "1996.07.05"]
[EventType "tourn"]
[EventRounds "9"]
[EventCountry "DEN"]
[EventCategory "10"]
[SourceTitle "CBM 055"]
[Source "ChessBase"]
[SourceDate "1996.12.01"]
[SourceVersion "1"]
[SourceVersionDate "1996.12.01"]
[SourceQuality "1"]

1. Nf3 d5 2. d4 Nf6 3. c4 dxc4 4. Nc3 a6 5. e4 b5 6. e5 Nd5 7. a4 e6 8. axb5 Nb6 9. Be2 Bb7 10. 0-0 axb5 11. Rxa8 Bxa8 12. Nxb5 Qd7 13. Na3 Bd5 14. Qc2 Bxa3 15. bxa3 Nc6 16. Rd1 Bxf3 17. Bxf3 Nxd4 18. Qe4 Nxf3+ 19. Qxf3 Qa4 20. Rd4 0-0 21. h3 Qa5 22. Bd2 c3 23. Qxc3 Qxe5 24. a4 Nd5 25. Qd3 c5 26. Rc4 Nb4 27. Qb3 Rd8 28. Bf4 Qe2 29. Be3 Qd1+ 30. Qxd1 Rxd1+ 31. Kh2 Na6 32. Bxc5 Nxc5 33. Rxc5 g6 34. a5 1/2-1/2

[Event "Copenhagen KS"]
[Site "Copenhagen"]
[Date "1996.??.??"]
[Round "6"]
[White "Volke, Karsten"]
[Black "Kumaran, Dharshan"]
[Result "0-1"]
[WhiteElo "2475"]
[BlackElo "2495"]
[PlyCount "80"]
[EventDate "1996.07.05"]
[EventType "tourn"]
[EventRounds "9"]
[EventCountry "DEN"]
[EventCategory "10"]
[SourceTitle "CBM 055"]
[Source "ChessBase"]
[SourceDate "1996.12.01"]
[SourceVersion "1"]
[SourceVersionDate "1996.12.01"]
[SourceQuality "1"]

1. d4 Nf6 2. c4 c5 3. d5 b5 4. cxb5 a6 5. f3 axb5 6. e4 Qa5+ 7. Bd2 b4 8. Na3 d6 9. Nc4 Qd8 10. a3 e6 11. dxe6 Bxe6 12. axb4 Rxa1 13. Qxa1 d5 14. exd5 Nxd5 15. Qa5 cxb4 16. Qxd8+ Kxd8 17. Na5 Kc7 18. Nb3 Nc6 19. Bb5 Nb6 20. Bxc6 Bxb3 21. Bb5 Bc4 22. Bxc4 Nxc4 23. Bc1 Bc5 24. Nh3 Bd4 25. Ke2 Nxb2 26. Bxb2 Bxb2 27. Nf4 Kc6 28. Kd3 Be5 29. Ne2 b3 30. f4 Bf6 31. Rb1 Rd8+ 32. Ke3 b2 33. g4 g6 34. g5 Bg7 35. f5 gxf5 36. Ng3 Ra8 37. Kd3 Ra1 38. Kc2 f4 39. Nh5 Rxb1 40. Kxb1 Be5 0-1

[Event "New York Marshall"]
[Site "New York"]
[Date "1995.??.??"]
[Round "1"]
[White "Kumaran, Dharshan"]
[Black "Ashley, Maurice"]
[Result "1/2-1/2"]
[WhiteElo "2505"]
[BlackElo "2460"]
[PlyCount "84"]
[EventDate "1995.??.??"]
[EventType "swiss"]
[EventRounds "5"]
[EventCountry "USA"]
[SourceTitle "EXT 1997"]
[Source "ChessBase"]
[SourceDate "1996.11.15"]
[SourceVersion "1"]
[SourceVersionDate "1996.11.15"]
[SourceQuality "1"]

1. d4 Nf6 2. c4 e6 3. Nc3 Bb4 4. Qc2 0-0 5. a3 Bxc3+ 6. Qxc3 b5 7. cxb5 c6 8. Bg5 cxb5 9. e3 Bb7 10. Nf3 h6 11. Bxf6 Qxf6 12. Be2 Rc8 13. Qd3 Bd5 14. Qxb5 Nc6 15. Qa6 Bb3 16. Nd2 Rcb8 17. Qd3 Ba4 18. Qa6 Bb3 19. 0-0 Rb6 20. Qd3 Rab8 21. Qc3 Qg6 22. Bd3 f5 23. f3 Qg5 24. Rfe1 Ne7 25. Qa5 Nd5 26. Nf1 Qf6 27. Qd2 f4 28. Kh1 fxe3 29. Nxe3 Nxe3 30. Qxe3 Rd6 31. d5 Bxd5 32. b4 a6 33. Rac1 Rf8 34. Bb1 Bc6 35. Rcd1 Rxd1 36. Rxd1 Qf4 37. Qd3 Rf5 38. Qxa6 Rh5 39. Qc8+ Kf7 40. Rxd7+ Bxd7 41. Qxd7+ Kf8 42. Qd8+ Kf7 1/2-1/2